00884nam a22002657a 45000010005000000030006000050050017000110080041000280200018000690400029000870500016001160820011001321000030001432450105001732500041002782600034003193000039003535050007003925200104003995210018005035210018005216500025005396500022005647000032005867535FISKH20250723114700.0250723b cb ||||| |||| 00| 0 eng d a9780590424103 aFISKHbengcFISKHdFISKH aPZ7.A2615 C a813.54 aA.Adler, Davidd(1947–) aCam Jansen and the mystery of the babe Ruth baseball /cDavid A.Adler ; Illustrated by Susanna Natti aThis edition first published in 1982 aNew York :bScholastic,c1982 a57 pages :billustrations ;c20 cm aJ  aCam uses her photographic memory to identify the person who stole a valuable autographed baseball. 8 a500 bLexile 8 aJ bRaz-Plus  2 Cam JansenaMystery 2DetectiveaSports aNatti, Susannadillustrator